Quiz o Polsce - Statystyki

Ogólne statystyki
  • Ten quiz został rozwiązany 124 razy
    123 od ostatniego zresetowania
  • Średni wynik to 9 z 11
Statystyki odpowiedzi
Hint Odpowiedź % Poprawnych
2 Andrzej Duda
100%
1 Warszawa
100%
4 Gniezno
96%
8 Mazurek Dąbrowskiego
93%
9 40
91%
5 Rysy
87%
6 Mieszko I
85%
7 Bolesław I Chrobry
76%
3a Kujawsko-pomorskie
67%
3b Lubuskie
67%
10 11.11.1918
45%
Nie znaleziono quizów pasujących do podanych kryteriów
Rozkład punktacji
Procent ludzi z każdym wynikiem
Percentyl według liczby udzielonych odpowiedzi
Twoja historia wyników
Nie rozwiązałeś tego quizu od ostatniego zresetowania